[Event "HB Global CC"]
[Site "Minneapolis USA"]
[Date "2005.05.20"]
[Round "5"]
[White "Adianto,U"]
[Black "Schneider,Dm"]
[Result "0-1"]
[WhiteElo "2588"]
[BlackElo "2466"]
[EventDate "2005.05.18"]

1. e4 e5 2. Nf3 Nc6 3. Bb5 a6 4. Ba4 Nf6 5. O-O Nxe4 6. d4 b5 7. Bb3 d5 8.
dxe5 Be6 9. Be3 Be7 10. Nbd2 Nc5 11. c3 Nd3 12. Qc2 Ndxe5 13. Nxe5 Nxe5 14.
Bd4 Ng4 15. Bxg7 Qd6 16. Nf3 Rg8 17. Qxh7 O-O-O 18. Rae1 Qf4 19. Bd1 Bf6
20. g3 Rxg7 21. Qxg7 Qf5 22. Nd4 Bxg7 23. Nxf5 Bxf5 24. Re7 Nh6 25. Bf3 Be6
26. Re1 Rd6 27. Re8+ Kd7 28. Ra8 Nf5 29. Rg8 Bf6 30. h4 d4 31. cxd4 Bxd4
32. b3 c5 33. h5 Bc3 34. Rc1 b4 35. Ra8 Nd4 36. Bd1 Bd5 37. Ra7+ Kd8 38.
Kh2 Nb5 0-1

[Event "HB Global CC"]
[Site "Minneapolis USA"]
[Date "2005.05.20"]
[Round "5"]
[White "Ortiz,E PHI"]
[Black "Rodriguez,And URU"]
[Result "0-1"]
[WhiteElo "2336"]
[BlackElo "2536"]
[EventDate "2005.05.18"]

1. Nf3 g6 2. c4 Bg7 3. Nc3 d6 4. g3 e5 5. Bg2 f5 6. d3 Nf6 7. O-O O-O 8.
Rb1 h6 9. b4 g5 10. e3 f4 11. exf4 exf4 12. Ne1 Ng4 13. Ne4 fxg3 14. hxg3
Qe8 15. Nf3 Qh5 16. Re1 Nc6 17. Bb2 Nce5 18. Bxe5 dxe5 19. Kf1 Rxf3 20.
Bxf3 Nh2+ 21. Kg2 g4 22. Be2 Qh3+ 23. Kg1 Bd7 24. Bf1 Qh5 25. Bg2 Nf3+ 26.
Kf1 Qh2 27. Nf6+ Bxf6 28. Bxf3 gxf3 29. Qxf3 Rf8 30. Qd5+ Rf7 0-1

[Event "HB Global CC"]
[Site "Minneapolis USA"]
[Date "2005.05.20"]
[Round "5"]
[White "Gurevich,D"]
[Black "Ishhanov,T"]
[Result "1/2-1/2"]
[WhiteElo "2515"]
[BlackElo "2342"]
[EventDate "2005.05.18"]

1. d4 Nf6 2. c4 c5 3. Nf3 e6 4. g3 cxd4 5. Nxd4 Nc6 6. Bg2 Bb4+ 7. Bd2 Qb6
8. e3 d5 9. cxd5 Nxd4 10. exd4 Nxd5 11. Bxb4 Nxb4 12. O-O O-O 13. Nc3 Bd7
14. a3 Nc6 15. d5 Ne7 16. dxe6 Bxe6 17. b4 Rfd8 18. Qf3 Rac8 19. Na4 Qb5
20. Qxb7 Qxa4 21. Qxe7 Rd3 22. Rfe1 Re8 23. Qc5 Rxa3 24. Rad1 Rf8 25. Bc6
Qa6 26. b5 Qa5 27. Qe7 Ra2 28. Re3 a6 29. bxa6 Qxa6 30. Bb7 Qb6 31. Bd5
1/2-1/2

[Event "HB Global CC"]
[Site "Minneapolis USA"]
[Date "2005.05.20"]
[Round "5"]
[White "Perelshteyn,E"]
[Black "Shibut,M"]
[Result "1-0"]
[WhiteElo "2507"]
[BlackElo "2336"]
[EventDate "2005.05.18"]

1. e4 Nc6 2. d4 d5 3. e5 Bf5 4. c3 e6 5. Bd3 Bxd3 6. Qxd3 Nge7 7. Ne2 Ng6
8. O-O f6 9. f4 f5 10. Be3 Qd7 11. Nd2 Be7 12. b4 O-O 13. a4 a5 14. b5 Nd8
15. c4 dxc4 16. Nxc4 Bb4 17. Bd2 Bxd2 18. Qxd2 b6 19. Ne3 Ne7 20. Nc3 Nb7
21. Rfd1 Rad8 22. Qa2 g6 23. Rac1 Kg7 24. h3 c6 25. Qa3 Rc8 26. Nc4 cxb5
27. Nxb6 b4 28. Nxd7 bxa3 29. Nxf8 Rxf8 30. Nb5 1-0

[Event "HB Global CC"]
[Site "Minneapolis USA"]
[Date "2005.05.20"]
[Round "5"]
[White "Lewis,Ja"]
[Black "Li Wenliang"]
[Result "0-1"]
[WhiteElo "2239"]
[BlackElo "2422"]
[EventDate "2005.05.18"]

1. e4 e5 2. Nf3 Nc6 3. Bc4 Bc5 4. c3 Nf6 5. d3 d6 6. Nbd2 Bb6 7. Bb3 Ne7 8.
Nf1 O-O 9. h3 Ng6 10. Ng3 h6 11. Qe2 Be6 12. Nh2 Qd7 13. Nh5 Nxh5 14. Qxh5
Bxb3 15. axb3 Qe6 16. O-O f5 17. Be3 fxe4 18. Bxb6 Nf4 19. Qg4 axb6 20.
Rxa8 Rxa8 21. dxe4 Qxb3 22. g3 Nd3 23. Qd7 Qf7 24. Qb5 Nc5 25. Qe2 Qg6 26.
Re1 Qe6 27. b4 Nd7 28. Nf3 Nf6 29. g4 Nh7 30. Nh4 Ng5 31. Qd3 g6 32. Ng2
Qf7 33. Nh4 Kg7 34. Rf1 Qf4 35. Re1 0-1

[Event "HB Global CC"]
[Site "Minneapolis USA"]
[Date "2005.05.20"]
[Round "5"]
[White "Howell,D"]
[Black "Rogers,N"]
[Result "1-0"]
[WhiteElo "2416"]
[BlackElo "2264"]
[EventDate "2005.05.18"]

1. e4 c6 2. d4 g6 3. Nc3 Bg7 4. Be3 d5 5. Qd2 Nf6 6. e5 Ng4 7. Bf4 h5 8.
Nf3 Nh6 9. h3 Nf5 10. O-O-O e6 11. Bd3 Nh4 12. Nxh4 Qxh4 13. Kb1 Qe7 14.
Bg5 Qf8 15. f4 b6 16. g4 Na6 17. f5 gxf5 18. gxf5 Nc7 19. Rdf1 Bh6 20. h4
Qg7 21. f6 Qf8 22. Ne2 Ba6 23. Bxa6 Nxa6 24. Nf4 O-O-O 25. Nxh5 Kb7 26. Nf4
c5 27. c3 Rc8 28. Rfg1 Rc7 29. Ne2 cxd4 30. cxd4 Nb4 31. Rc1 Nc6 32. Rc3
Qg8 33. Rhc1 Bxg5 34. hxg5 Rh2 35. Qc2 Qc8 36. b4 a6 37. a4 Qf8 38. Rxc6
1-0

[Event "HB Global CC"]
[Site "Minneapolis USA"]
[Date "2005.05.20"]
[Round "5"]
[White "Vavrak,P"]
[Black "Mac Intyre,P"]
[Result "1/2-1/2"]
[WhiteElo "2406"]
[BlackElo "2262"]
[EventDate "2005.05.18"]

1. d4 Nf6 2. c4 g6 3. Nf3 Bg7 4. g3 O-O 5. Bg2 d6 6. O-O Nbd7 7. Nc3 e5 8.
e4 c6 9. h3 Qb6 10. c5 dxc5 11. dxe5 Ne8 12. e6 fxe6 13. Ng5 Ne5 14. f4 Nf7
15. Nxf7 Bd4+ 16. Kh2 Rxf7 17. e5 Qc7 18. Ne4 b6 19. Qg4 Ba6 20. Rd1 Bc4
21. Nd2 Bd5 22. Bxd5 exd5 23. Nf3 Ng7 24. Nxd4 cxd4 25. Rxd4 Qd7 26. Qxd7
Rxd7 27. g4 Kf7 28. Kg3 Ke6 29. Kf3 h5 30. Be3 hxg4+ 31. hxg4 Rh8 32. Bf2
Rh3+ 33. Bg3 c5 34. Rdd1 Rd8 35. Kg2 Rh7 36. Rh1 Rdh8 37. Rxh7 Rxh7 38. Kf3
Rh3 39. Kg2 Rh8 40. Kf3 Rh3 41. Kg2 Rh8 42. Kf3 1/2-1/2

[Event "HB Global CC"]
[Site "Minneapolis USA"]
[Date "2005.05.20"]
[Round "5"]
[White "Taylor,T"]
[Black "Vasquez,R"]
[Result "1-0"]
[WhiteElo "2297"]
[BlackElo "2551"]
[EventDate "2005.05.18"]

1. f4 c5 2. Nf3 Nc6 3. e3 Nf6 4. Be2 e6 5. b3 Be7 6. Bb2 b6 7. O-O O-O 8.
Nc3 Bb7 9. Ne5 d6 10. Nxc6 Bxc6 11. Bf3 d5 12. d3 Rc8 13. e4 d4 14. Ne2 e5
15. fxe5 Nd7 16. Bg4 Qc7 17. c3 dxc3 18. Bxc3 Rcd8 19. e6 fxe6 20. Bxe6+
Kh8 21. Ng3 Bf6 22. Qc2 Bxc3 23. Qxc3 Qe5 24. Qxe5 Nxe5 25. Rf5 Nxd3 26.
Rd1 Bb5 27. Rxf8+ Rxf8 28. Nf5 Nf4 29. Nd6 g6 30. Nxb5 Nxe6 31. Rd7 a6 32.
Nc7 Nd4 33. h3 Kg8 34. Nd5 b5 35. e5 Rf7 36. Rd6 Kg7 37. e6 Nxe6 38. Rxe6
Rd7 39. Re5 Kf7 40. Kf2 c4 41. bxc4 bxc4 42. Kf3 Rb7 43. Re2 Rb5 44. Ke4
1-0

[Event "HB Global CC"]
[Site "Minneapolis USA"]
[Date "2005.05.20"]
[Round "5"]
[White "Kacheishvili,G"]
[Black "Lugo,B"]
[Result "1-0"]
[WhiteElo "2597"]
[BlackElo "2406"]
[EventDate "2005.05.18"]

1. d4 d5 2. c4 c6 3. Nf3 Nf6 4. Nc3 e6 5. Bg5 dxc4 6. e4 b5 7. e5 h6 8. Bh4
g5 9. Nxg5 hxg5 10. Bxg5 Be7 11. exf6 Bxf6 12. Bxf6 Qxf6 13. g3 Na6 14. Bg2
Bb7 15. a4 O-O-O 16. axb5 Rxd4 17. Qe2 Nb4 18. bxc6 Nxc6 19. Nb5 Rd3 20.
Bxc6 Bxc6 21. Nxa7+ Kb7 22. Nxc6 Kxc6 23. Qe4+ Kc5 24. O-O Rb8 25. Ra5+ Rb5
26. b4+ Kxb4 27. Ra4+ Kxa4 28. Qxc4+ Ka5 29. Qxd3 Qe5 30. Qd8+ Ka6 31. Qa8+
Kb6 32. Ra1 Kc5 33. Rc1+ Kb4 34. Qf8+ Kb3 35. Qxf7 Kb2 36. Qc7 1-0

[Event "HB Global CC"]
[Site "Minneapolis USA"]
[Date "2005.05.20"]
[Round "5"]
[White "Stein,Alex"]
[Black "Sevillano,E"]
[Result "0-1"]
[WhiteElo "2362"]
[BlackElo "2450"]
[EventDate "2005.05.18"]

1. e4 e6 2. d4 d5 3. Nc3 Bb4 4. e5 c5 5. a3 Bxc3+ 6. bxc3 Ne7 7. Nf3 Qc7 8.
Bd3 b6 9. O-O Ba6 10. dxc5 bxc5 11. Bxa6 Nxa6 12. c4 O-O 13. Bg5 dxc4 14.
Qe2 Nf5 15. Qxc4 Qc6 16. Rad1 h6 17. Bd2 Nb8 18. Ba5 Nd7 19. Rd3 Nb6 20.
Qg4 Rfd8 21. Rfd1 Rxd3 22. Rxd3 Qb5 23. Be1 c4 24. Rd1 Qb2 25. Qe4 Qxa3 26.
g4 Ne7 27. Rd6 Rb8 28. Bd2 Nbd5 29. Kg2 c3 30. Be3 Qb4 31. Bd4 a5 32. Kg3
a4 33. Ra6 Qb5 34. Ra7 Nc6 35. g5 Nxa7 36. gxh6 gxh6 37. Bxa7 Qb4 38. Nd4
Ra8 0-1

[Event "HB Global CC"]
[Site "Minneapolis USA"]
[Date "2005.05.21"]
[Round "6"]
[White "Najer,E"]
[Black "Izoria,Z"]
[Result "1/2-1/2"]
[WhiteElo "2615"]
[BlackElo "2602"]
[EventDate "2005.05.18"]

1. d4 Nf6 2. c4 e6 3. Nf3 d5 4. Nc3 Bb4 5. Bg5 h6 6. Bxf6 Qxf6 7. e3 O-O 8.
Rc1 dxc4 9. Bxc4 c5 10. a3 Bxc3+ 11. bxc3 Nc6 12. O-O Rd8 13. Bb5 Bd7 14.
Qb3 Qe7 15. e4 cxd4 16. cxd4 Na5 17. Qa4 b6 18. Rc3 Bxb5 19. Qxb5 Rac8 20.
Rfc1 Rxc3 21. Rxc3 Qb7 22. Qd3 Nc6 23. Qe3 b5 24. h3 Na5 25. Ne5 Rc8 26.
Rxc8+ Qxc8 27. d5 Nc4 28. Nxc4 bxc4 29. d6 c3 30. d7 Qxd7 31. Qxc3 1/2-1/2

[Event "HB Global CC"]
[Site "Minneapolis USA"]
[Date "2005.05.21"]
[Round "6"]
[White "Moiseenko,A"]
[Black "Vavrak,P"]
[Result "1-0"]
[WhiteElo "2665"]
[BlackElo "2406"]
[EventDate "2005.05.18"]

1. d4 e6 2. c4 Nf6 3. Nc3 Bb4 4. g3 c5 5. Nf3 b6 6. Bg2 Bb7 7. O-O Bxc3 8.
bxc3 d6 9. d5 Qe7 10. Nh4 Kd8 11. e4 e5 12. Nf5 Qf8 13. f4 Nbd7 14. fxe5
Nxe5 15. Bg5 h6 16. Nxh6 Kc7 17. Nf5 Re8 18. Nxg7 Qxg7 19. Bxf6 Qh6 20.
Bxe5 Qe3+ 21. Kh1 Rxe5 22. Rxf7+ Kb8 23. Qf3 Qh6 24. h4 1-0

[Event "HB Global CC"]
[Site "Minneapolis USA"]
[Date "2005.05.21"]
[Round "6"]
[White "Sokolin,L"]
[Black "Adianto,U"]
[Result "0-1"]
[WhiteElo "2513"]
[BlackElo "2588"]
[EventDate "2005.05.18"]

1. Nf3 Nf6 2. c4 e6 3. g3 d5 4. Bg2 c5 5. cxd5 Nxd5 6. O-O Be7 7. d4 O-O 8.
Nc3 Nxc3 9. bxc3 Nc6 10. e4 cxd4 11. cxd4 Bf6 12. Be3 Qa5 13. Rc1 Rd8 14.
e5 Be7 15. Qb3 Bd7 16. Rfd1 Nb4 17. Bg5 Ba4 18. Qa3 Bf8 19. Bxd8 Rxd8 20.
Rd2 Nd5 21. Qd3 h6 22. Rb2 Bc6 23. Nd2 Qa3 24. Qb3 Qa6 25. Bf1 Qb6 26. Nc4
Qxd4 27. Rd2 Qg4 28. Na5 Be8 29. Rdd1 Ba4 30. Be2 Qxe2 31. Qxa4 Nc3 32.
Rxd8 Nxa4 33. Rcc8 Qe1+ 0-1

[Event "HB Global CC"]
[Site "Minneapolis USA"]
[Date "2005.05.21"]
[Round "6"]
[White "Matikozian,A"]
[Black "Stripunsky,A"]
[Result "0-1"]
[WhiteElo "2515"]
[BlackElo "2565"]
[EventDate "2005.05.18"]

1. e4 c5 2. Nc3 e6 3. Nf3 a6 4. g3 b5 5. Bg2 Bb7 6. d4 cxd4 7. Nxd4 Nc6 8.
O-O Nxd4 9. Qxd4 Ne7 10. Bg5 Nc6 11. Qd2 f6 12. Bf4 Ne5 13. Ne2 Nc4 14. Qc1
Rc8 15. a4 Bc5 16. axb5 axb5 17. b3 Ne5 18. Be3 Qb6 19. Bxc5 Qxc5 20. Qa3
Qxa3 21. Rxa3 Rxc2 22. Nd4 Rd2 23. Ra7 Rxd4 24. Rxb7 Ke7 25. Rxb5 Ra8 26.
f4 Ng4 27. Bf3 Ne3 28. Re1 Nc2 29. Re2 Rc8 30. Kf2 Rd3 31. Rb7 Nd4 0-1

[Event "HB Global CC"]
[Site "Minneapolis USA"]
[Date "2005.05.21"]
[Round "6"]
[White "Fridman,D2"]
[Black "Taylor,T"]
[Result "1-0"]
[WhiteElo "2562"]
[BlackElo "2297"]
[EventDate "2005.05.18"]

1. d4 e6 2. c4 f5 3. g3 Nf6 4. Bg2 Be7 5. Nc3 O-O 6. Nf3 d6 7. O-O Ne4 8.
Nxe4 fxe4 9. Nd2 d5 10. f3 Nc6 11. fxe4 dxc4 12. Rxf8+ Bxf8 13. e3 b5 14.
a4 Ba6 15. e5 Nb4 16. Qg4 c6 17. Qxe6+ Kh8 18. axb5 Bxb5 19. Be4 a5 20.
Nxc4 Ra7 21. Nd6 Bxd6 22. exd6 Qf8 23. Qf5 Qg8 24. d7 Ra8 25. Bd2 Rf8 26.
Qh5 Nd3 27. Bxa5 g6 28. Bxg6 1-0

[Event "HB Global CC"]
[Site "Minneapolis USA"]
[Date "2005.05.21"]
[Round "6"]
[White "Ishhanov,T"]
[Black "Georgiev,Vl"]
[Result "0-1"]
[WhiteElo "2342"]
[BlackElo "2535"]
[EventDate "2005.05.18"]

1. e4 e5 2. Nf3 Nc6 3. Bb5 a6 4. Ba4 Nf6 5. O-O b5 6. Bb3 Bc5 7. c3 d6 8.
a4 Bb7 9. d4 Bb6 10. Re1 O-O 11. Bg5 h6 12. Bh4 exd4 13. axb5 axb5 14. Rxa8
Bxa8 15. cxd4 g5 16. Bg3 Re8 17. d5 Na5 18. Bc2 Nc4 19. b3 Ne5 20. Nd4 Bb7
21. b4 Bc8 22. Nc3 Bg4 23. Nce2 Nh5 24. h3 Nxg3 25. fxg3 Bxe2 26. Rxe2 Qf6
0-1

[Event "HB Global CC"]
[Site "Minneapolis USA"]
[Date "2005.05.21"]
[Round "6"]
[White "Zlotnikov,M"]
[Black "Kacheishvili,G"]
[Result "0-1"]
[WhiteElo "2346"]
[BlackElo "2597"]
[EventDate "2005.05.18"]

1. c4 e5 2. g3 Nf6 3. Bg2 c6 4. Nf3 e4 5. Nd4 d5 6. cxd5 Qxd5 7. Nc2 Qh5 8.
h3 Qg6 9. Nc3 Bd6 10. Ne3 O-O 11. O-O Na6 12. a3 Re8 13. b4 Nc7 14. d4 exd3
15. Nc4 dxe2 16. Nxe2 Bf8 17. Nf4 Qf5 18. Nd6 Bxd6 19. Qxd6 Nb5 20. Qd2 Be6
21. Nxe6 Qxe6 22. Rd1 Ne4 23. Bxe4 Qxe4 24. Bb2 Nc7 25. Re1 Qd5 26. Qc3 f6
27. Rad1 Rxe1+ 28. Qxe1 Re8 29. Qf1 Qe6 30. Bd4 a6 31. Bc5 Nd5 32. a4 h5
33. b5 axb5 34. axb5 Nc3 35. Rd3 Qc4 36. Be3 cxb5 37. Rd2 Ne4 38. Re2 Ng5
39. Rb2 Nf3+ 40. Kg2 Qe4 41. Qb1 Qc6 42. Qf1 Nd2+ 0-1

[Event "HB Global CC"]
[Site "Minneapolis USA"]
[Date "2005.05.21"]
[Round "6"]
[White "Zarnicki,P"]
[Black "Ginsburg,M"]
[Result "1-0"]
[WhiteElo "2523"]
[BlackElo "2354"]
[EventDate "2005.05.18"]

1. e4 c5 2. Nf3 e6 3. d3 Nc6 4. g3 d5 5. Qe2 Nf6 6. Bg2 Be7 7. O-O O-O 8.
e5 Ne8 9. c4 Nc7 10. Bf4 b6 11. h4 Bb7 12. Nbd2 Qd7 13. Rfe1 Nb4 14. Rad1
Nxa2 15. Nf1 Nb4 16. Ng5 h6 17. Nh3 Nc6 18. Qg4 Kh8 19. Ne3 Nd4 20. Qh5 Nf5
21. Nxf5 exf5 22. Bxh6 g6 23. Qe2 Ne6 24. Bxf8 Rxf8 25. Qd2 Kg7 26. Nf4
Nxf4 27. Qxf4 Qe6 28. d4 Rd8 29. dxc5 Bxc5 30. b4 Be7 31. b5 Rd7 32. h5 g5
33. Qd4 Bc5 34. cxd5 Qh6 35. Qc3 Rc7 36. e6+ f6 37. e7 1-0

[Event "HB Global CC"]
[Site "Minneapolis USA"]
[Date "2005.05.21"]
[Round "6"]
[White "Sevillano,E"]
[Black "Shivaji,S1"]
[Result "1-0"]
[WhiteElo "2450"]
[BlackElo "2268"]
[EventDate "2005.05.18"]

1. e4 e6 2. d4 d5 3. Nc3 Bb4 4. e5 c5 5. a3 Bxc3+ 6. bxc3 Qc7 7. Nf3 b6 8.
Bd3 Ba6 9. O-O Ne7 10. dxc5 bxc5 11. Bxa6 Nxa6 12. c4 d4 13. c3 dxc3 14.
Qc2 Nb8 15. Qxc3 Nd7 16. Re1 O-O 17. Bg5 Ng6 18. h4 h6 19. Bc1 Rad8 20. Re4
Kh8 21. Be3 Qc6 22. Rg4 Qc7 23. Re1 Ne7 24. Bc1 Nf5 25. Rf4 Nb6 26. Rxf5
exf5 27. Bxh6 Rde8 28. Bf4 Qc6 29. Ng5 f6 30. exf6 Rxe1+ 31. Qxe1 Qxf6 32.
a4 Kg8 33. Qd1 g6 34. a5 Rd8 35. Qf3 Nc8 36. Qb7 Nd6 37. Qh7+ Kf8 38. Qxa7
Ke8 39. Qxc5 Ne4 40. Qb5+ Ke7 41. Qb4+ Ke8 42. Qb5+ Rd7 43. Be5 Qe7 44. a6
Nxg5 45. a7 Qd8 46. hxg5 Qa8 47. Qb8+ Rd8 48. Bc7 Rc8 49. Qb5+ Ke7 50. Qe5+
Kf8 51. Qf6+ Ke8 52. Qxg6+ Kd7 53. Qd6+ 1-0

[Event "HB Global CC"]
[Site "Minneapolis USA"]
[Date "2005.05.21"]
[Round "6"]
[White "Salimbagat,R"]
[Black "Khachiyan,M"]
[Result "0-1"]
[WhiteElo "2379"]
[BlackElo "2473"]
[EventDate "2005.05.18"]

1. e4 c5 2. Nf3 Nc6 3. d4 cxd4 4. Nxd4 Nf6 5. Nc3 g6 6. Nxc6 bxc6 7. e5 Ng8
8. Bc4 Bg7 9. f4 d5 10. Be2 f6 11. Qd4 Nh6 12. Qc5 Qb6 13. Qxb6 axb6 14.
O-O fxe5 15. fxe5 Nf7 16. Be3 Bxe5 17. Bxb6 Rb8 18. Na4 Rxb6 19. Nxb6 Bd4+
20. Kh1 Bxb6 21. b4 Nd6 22. a4 Bf5 23. Bd3 Kd7 24. Rab1 Ra8 25. Ra1 e5 26.
h3 e4 27. Be2 e3 28. Bd3 Bd4 29. Ra2 Bc3 30. Rb1 Re8 0-1

[Event "HB Global CC"]
[Site "Minneapolis USA"]
[Date "2005.05.21"]
[Round "6"]
[White "Mariano,N1"]
[Black "Schneider,Ig"]
[Result "1/2-1/2"]
[WhiteElo "2468"]
[BlackElo "2322"]
[EventDate "2005.05.18"]

1. e4 e6 2. d4 d5 3. Nc3 Nf6 4. e5 Nfd7 5. f4 c5 6. Nf3 a6 7. Be3 Qb6 8. a3
Qa7 9. Qd2 Nc6 10. dxc5 Bxc5 11. Bxc5 Qxc5 12. Bd3 b5 13. Qf2 b4 14. Ne2
Rb8 15. O-O Qxf2+ 16. Kxf2 Nc5 17. Nfd4 Nxd4 18. Nxd4 bxa3 19. bxa3 Bd7 20.
Rfb1 Ke7 21. Ke3 Rhc8 22. h4 h5 23. Rb4 a5 24. Rbb1 g6 25. Kd2 Ba4 26. Ke3
Bd7 27. Kf3 Ba4 28. Ke2 Kd7 29. Ke3 Ke7 30. Kd2 Kd7 31. Ke2 Ke7 32. Ke3
1/2-1/2

[Event "HB Global CC"]
[Site "Minneapolis USA"]
[Date "2005.05.21"]
[Round "7"]
[White "Kudrin,S"]
[Black "Najer,E"]
[Result "0-1"]
[WhiteElo "2554"]
[BlackElo "2615"]
[EventDate "2005.05.18"]

1. e4 c5 2. Nf3 d6 3. d4 cxd4 4. Nxd4 Nf6 5. Nc3 a6 6. a4 e5 7. Nf3 Be7 8.
Bc4 Be6 9. Qe2 Nc6 10. O-O Bxc4 11. Qxc4 Rc8 12. Bg5 Nd7 13. Bxe7 Nxe7 14.
Qb4 Qb6 15. Qxb6 Nxb6 16. Rfd1 f6 17. Rxd6 Nc4 18. Rdd1 Nxb2 19. Rdb1 Nc4
20. Rb4 Na5 21. Ra3 Kf7 22. Kf1 Rhd8 23. Rb1 Rc7 24. Ke2 Rdc8 25. Kd3 Rc4
26. h3 Ng6 27. g3 Nf8 28. Ne1 Nd7 29. Rd1 Nb6 30. f3 Nc6 31. Rb3 Rd8+ 32.
Nd5 Rd4+ 33. Ke2 Rxd1 34. Rxb6 Ra1 35. Rxb7+ Kg8 36. Rb6 Nd4+ 37. Kd2 f5
38. Rxa6 Nxf3+ 39. Nxf3 fxe4 40. Ng5 Rxd5+ 41. Ke2 Rd8 42. c3 h6 43. Nxe4
Rdd1 44. Ra5 Re1+ 45. Kf3 Rf1+ 46. Kg2 Rf8 47. g4 Rd8 48. Rxe5 Rd3 49. g5
Ra2+ 50. Nf2 hxg5 51. Rxg5 Rxc3 52. Rg4 Rca3 53. h4 Rxa4 54. Rxa4 Rxa4 55.
Kg3 Kh7 56. Nh3 Kg6 57. Ng5 Kf5 58. Nf3 Ra3 59. Kf2 Kg4 60. Ke1 Ra8 61. Ng1
0-1

[Event "HB Global CC"]
[Site "Minneapolis USA"]
[Date "2005.05.21"]
[Round "7"]
[White "Filippov,Va"]
[Black "Rodriguez,And URU"]
[Result "1/2-1/2"]
[WhiteElo "2621"]
[BlackElo "2536"]
[EventDate "2005.05.18"]

1. c4 e5 2. g3 Nc6 3. Bg2 g6 4. Nc3 d6 5. e3 Bg7 6. Nge2 Be6 7. b3 Qd7 8.
d4 Bh3 9. O-O h5 10. d5 Nb4 11. Bxh3 Qxh3 12. f3 e4 13. Nf4 Qd7 14. Bd2 g5
15. Nxe4 gxf4 16. Bxb4 fxg3 17. Rc1 h4 18. c5 dxc5 19. Bxc5 Nf6 20. Bd4
Nxe4 21. fxe4 Qh3 22. Qc2 Rg8 23. Rf5 Bxd4 24. exd4 gxh2+ 25. Kh1 Rg1+ 26.
Rxg1 hxg1=Q+ 27. Kxg1 O-O-O 28. Qg2 Qe3+ 29. Kh2 Qxd4 30. Rxf7 Qe5+ 31. Kh3
b6 32. Qg7 Qxg7 33. Rxg7 Re8 34. Rg4 c6 35. dxc6 Kc7 36. Kxh4 Kxc6 37. Kg3
Kc5 38. Kf3 Kd4 39. Rf4 Rh8 40. Rf7 Rh3+ 41. Kf4 Rh4+ 42. Kf5 Rh5+ 43. Ke6
Ra5 44. Rf4 Rxa2 45. e5+ Kc3 46. Rf3+ Kb4 47. Re3 Rd2 48. Kf6 Rf2+ 49. Ke7
b5 50. Kd6 a5 51. e6 Rf8 52. e7 Re8 53. Kd7 Rxe7+ 54. Rxe7 a4 55. bxa4 bxa4
56. Kd6 a3 1/2-1/2

[Event "HB Global CC"]
[Site "Minneapolis USA"]
[Date "2005.05.21"]
[Round "7"]
[White "Stripunsky,A"]
[Black "Schneider,Dm"]
[Result "1-0"]
[WhiteElo "2565"]
[BlackElo "2466"]
[EventDate "2005.05.18"]

1. e4 e5 2. Nf3 Nc6 3. Bb5 a6 4. Ba4 Nf6 5. O-O Nxe4 6. d4 b5 7. Bb3 d5 8.
dxe5 Be6 9. Be3 Be7 10. c3 Nc5 11. Bc2 Nd7 12. Re1 Ndxe5 13. Nxe5 Nxe5 14.
Bd4 Nc6 15. Bxg7 Rg8 16. Qh5 Kd7 17. Bh6 Bc5 18. Be3 Bxe3 19. Rxe3 Rg5 20.
Qe2 Qf6 21. Nd2 Rag8 22. g3 Bg4 23. Qd3 Kc8 24. Qf1 Rh5 25. a4 Qh6 26. Qg2
b4 27. Rae1 Bh3 28. Qh1 Nd8 29. c4 Be6 30. cxd5 Bxd5 31. Be4 Qc6 32. Qf3
Rhg5 33. Bxd5 Rxd5 34. Nb3 h5 35. Rc1 Qd6 36. Re7 c6 37. Qe2 Kb8 38. Re1 c5
39. Na5 h4 40. Nc4 Qf6 41. Re5 Rg5 42. Re8 h3 43. a5 Rd4 44. Nb6 c4 45. Rd1
Rxa5 46. Nd7+ Rxd7 47. Rxd7 Ra1+ 48. Rd1 Rxd1+ 49. Qxd1 Kc7 50. Re4 c3 51.
bxc3 bxc3 52. Rf4 1-0

[Event "HB Global CC"]
[Site "Minneapolis USA"]
[Date "2005.05.21"]
[Round "7"]
[White "Sadvakasov,D"]
[Black "Simutowe,A"]
[Result "1-0"]
[WhiteElo "2605"]
[BlackElo "2435"]
[EventDate "2005.05.18"]

1. e4 c5 2. Nf3 e6 3. d4 cxd4 4. Nxd4 a6 5. Bd3 Qc7 6. O-O Nf6 7. Qe2 d6 8.
c4 g6 9. Nc3 Bg7 10. Nf3 Nbd7 11. Rd1 O-O 12. Bf4 Nh5 13. Be3 Bxc3 14. bxc3
Ne5 15. Rab1 Nxf3+ 16. Qxf3 e5 17. g4 Ng7 18. Rb4 Be6 19. Rdb1 b5 20. Bh6
bxc4 21. Bc2 Rfb8 22. Qf6 Ne8 23. Rxb8 Rxb8 24. Rxb8 Qxb8 25. Qe7 Ng7 26.
h3 d5 27. Ba4 dxe4 28. Qf6 Qf8 29. Qxe5 e3 30. Bxe3 f6 31. Qc7 h5 32. Bd1
hxg4 33. hxg4 Bd5 34. Qb6 Qe7 35. Kf1 Ne6 36. Qxa6 f5 37. Qb5 Qd8 38. gxf5
gxf5 39. Ke1 f4 40. Ba7 Qg5 41. Qe8+ Kg7 42. Qh5 Qxh5 43. Bxh5 Kf6 44. Kd2
Kf5 45. a4 Ng5 46. a5 Nf3+ 47. Kc1 Bc6 48. Bb8 Ne1 49. Kd2 Nd3 50. Ba7 Bb7
51. Be8 Ba6 52. Bc6 Kg4 53. Bd4 Nb2 54. Ke2 Nd3 55. Bd7+ Kg5 56. Be6 Nc1+
57. Kf1 Nd3 58. Kg2 Bb7+ 59. Kh3 Ba6 60. Bd7 Nc1 61. Bb6 Nd3 62. Bd8+ Kh5
63. Bh4 Ne5 64. Be8+ Kh6 65. Bf6 Bc8+ 66. Kg2 Bb7+ 67. Kf1 Ng4 68. Bd8 Ba6
69. Ke2 Ne5 70. Bh4 Nd3 71. Bf6 Nc1+ 72. Kf3 Nb3 73. Bd8 Nc1 74. Bc6 Kg7
75. Be4 Kf7 1-0

[Event "HB Global CC"]
[Site "Minneapolis USA"]
[Date "2005.05.21"]
[Round "7"]
[White "Novikov,I"]
[Black "Burnett,R"]
[Result "1-0"]
[WhiteElo "2589"]
[BlackElo "2433"]
[EventDate "2005.05.18"]

1. d4 Nf6 2. c4 e6 3. Nf3 b6 4. g3 Bb7 5. Bg2 Be7 6. O-O O-O 7. Re1 d5 8.
cxd5 exd5 9. Nc3 Na6 10. b3 c5 11. Bb2 Nc7 12. Rc1 Ne6 13. e3 Ne4 14. Ne5
Bf6 15. Ne2 Re8 16. Nf4 cxd4 17. Nxe6 Rxe6 18. exd4 Re8 19. Re2 Rc8 20.
Rec2 Qe7 21. h4 g6 22. Bh3 Rxc2 23. Qxc2 Bxe5 24. dxe5 Nc5 25. Qc3 d4 26.
Qxd4 Rd8 27. Qb4 Qe8 28. e6 Qc6 29. exf7+ Kf8 30. Kh2 Qf3 31. Bd4 Kxf7 32.
Be3 Rd1 33. Rxd1 Qxd1 34. Qf4+ Kg8 35. Qe5 Kf7 36. Qc7+ Ke8 37. Bg2 Bxg2
38. Kxg2 Qd5+ 39. Kh2 Nd7 40. Bg5 Kf7 41. Qxa7 Ke6 42. Bf4 h6 43. Qa6 g5
44. Qe2+ Kf6 45. Qh5 1-0

[Event "HB Global CC"]
[Site "Minneapolis USA"]
[Date "2005.05.21"]
[Round "7"]
[White "Khachiyan,M"]
[Black "Renteria,J"]
[Result "1-0"]
[WhiteElo "2473"]
[BlackElo "2295"]
[EventDate "2005.05.18"]

1. e4 c5 2. Nf3 d6 3. d4 cxd4 4. Nxd4 Nf6 5. Nc3 a6 6. Be3 e5 7. Nb3 Be6 8.
Qd2 Be7 9. f3 O-O 10. O-O-O Nbd7 11. g4 Nb6 12. Qf2 Nc4 13. Bxc4 Bxc4 14.
h4 Qc7 15. Bb6 Qc8 16. h5 Nd7 17. Be3 Qc7 18. Nd5 Bxd5 19. Rxd5 b5 20. Kb1
Rab8 21. Qd2 Nb6 22. Bxb6 Qxb6 23. Nc1 b4 24. Ne2 Qf2 25. Rd3 Rfc8 26. Qe1
Qc5 27. Qd1 Qf2 28. Rf1 Qg2 29. Qe1 Bh4 30. Rg1 Qf2 31. Qxf2 Bxf2 32. Rgd1
Bc5 33. Nc1 a5 34. Nb3 a4 35. Nxc5 dxc5 36. c4 Kf8 37. Rd5 a3 38. Rxe5 b3
39. bxa3 bxa2+ 40. Kxa2 Rb6 41. Red5 Ke7 42. Rb1 Ra6 43. Rb7+ Ke6 44. Rdd7
Rca8 45. Re7+ Kf6 46. Rxf7+ Ke5 47. Rb3 Kd4 48. Rxg7 Rd8 49. Kb2 Kxc4 50.
Rc3+ Kb5 51. Rc7 1-0

[Event "HB Global CC"]
[Site "Minneapolis USA"]
[Date "2005.05.21"]
[Round "7"]
[White "Kraai,J"]
[Black "Haessler,C"]
[Result "1-0"]
[WhiteElo "2416"]
[BlackElo "2234"]
[EventDate "2005.05.18"]

1. Nf3 c5 2. c4 Nc6 3. Nc3 e5 4. e3 f5 5. d4 e4 6. d5 Nce7 7. Nd2 g5 8. g4
Bg7 9. gxf5 Bxc3 10. Qh5+ Kf8 11. bxc3 Nxf5 12. Nxe4 h6 13. h4 Nxh4 14.
Nxg5 Qxg5 15. Rxh4 Qxh5 16. Rxh5 Nf6 17. Rh4 d6 18. e4 Bg4 19. f3 Bh5 20.
Bf4 Ke7 21. e5 dxe5 22. Bxe5 Rhe8 23. Kd2 Bg6 24. Rxh6 Nd7 25. f4 Kf7 26.
Re1 Bf5 27. Bd3 Bxd3 28. Kxd3 Nf8 29. Rg1 Re7 30. Rf6+ Ke8 31. Bd6 1-0

[Event "HB Global CC"]
[Site "Minneapolis USA"]
[Date "2005.05.21"]
[Round "7"]
[White "Del Mundo,A"]
[Black "Balandin,A"]
[Result "1-0"]
[WhiteElo "2264"]
[BlackElo "2365"]
[EventDate "2005.05.18"]

1. e4 c6 2. c4 d5 3. exd5 cxd5 4. cxd5 a6 5. Nf3 Nf6 6. Nc3 g6 7. Qb3 Bg7
8. a4 O-O 9. Bc4 Nbd7 10. O-O Nc5 11. Qb4 Nce4 12. Re1 Nd6 13. d3 Bg4 14.
Ne5 Bf5 15. Be3 Nd7 16. Bf4 Nxe5 17. Bxe5 Bxe5 18. Rxe5 b5 19. axb5 axb5
20. Rxa8 Qxa8 21. Ba2 Rc8 22. g4 Bxd3 23. Rxe7 Nc4 24. Qxb5 Ne5 25. Qb7
Qxb7 26. Rxb7 Ra8 27. d6 Rd8 28. f4 Nxg4 29. Rxf7 Kh8 30. Be6 Nh6 31. Rd7
Rxd7 32. Bxd7 Nf7 33. Bb5 Bf5 34. d7 Kg7 35. Kf2 Kf8 36. Ke3 Ke7 37. Kd4 g5
38. Bc4 Nd8 39. fxg5 Nc6+ 40. Kc5 Ne5 41. Bb5 Nf3 42. Nd5+ Kd8 43. h4 Nxh4
44. Kd6 Bg4 45. Ne7 Bf3 46. Bd3 Ng2 47. Bxh7 Ne3 48. b3 1-0